000 00617nam a2200205Ia 4500
003 GCL
008 140319s9999 xx 000 0 ara d
040 _aGCL /
_cGCL
082 0 4 _aق
_b923.9
_bهـ ز
100 1 _aهيئة الاثار المصرية
245 1 0 _aزكى إسكندر /
_cهيئة الاثار المصرية
260 _a[S.N] :
_bهيئة الاثار المصرية ،
_c1994
300 _a112+424
490 _a
650 0 4 _aمصر
650 0 4 _aالحضارة الفرعونية
650 0 4 _aالتنقيب عن الاثار
650 0 4 _aعلم المصريات
942 _2ddc
_cBK
999 _c52442
_d52442